000
00272nam a2200121 a 4500
008
100924s1975|||| d
100
1
_a
Fajzi, Rachmat
245
1
0
_a
Rodná strecha
260
_b
Smena
_a
Bratislava
_c
1975
020
_c
27
044
_a
xo
_c
SK
041
_a
slo
999
_c
10710
_d
10710